Documento firmado por Miguel Barragán (Record no. 4638)
[ view plain ]
| 000 -CABECERA | |
|---|---|
| campo de control de longitud fija | 01458nam a2200301 a 4500 |
| 001 - NÚMERO DE CONTROL | |
| campo de control | BRCA_4944 |
| 005 - FECHA Y HORA DE LA ÚLTIMA TRANSACCIÓN | |
| campo de control | 20190320204854.0 |
| 008 - DATOS DE LONGITUD FIJA--INFORMACIÓN GENERAL | |
| campo de control de longitud fija | 211010s1826----mx-#######---#000-0#spa-# |
| 041 ## - CÓDIGO DE LENGUA | |
| Código de lengua del texto/banda sonora o título independiente | spa |
| 044 ## - CÓDIGO DEL PAÍS DE LA ENTIDAD EDITORA/PRODUCTORA | |
| Código MARC del país | mx |
| 084 ## - OTRO NÚMERO DE CLASIFICACIÓN | |
| Número de clasificación | DOC39 |
| Número de documento/Ítem | .B37 |
| -- | 1826 |
| 100 1# - ENTRADA PRINCIPAL--NOMBRE DE PERSONA | |
| Nombre de persona | Barragán, Miguel |
| Fechas asociadas al nombre | 1789-1853 |
| 9 (RLIN) | 12558 |
| 245 10 - MENCIÓN DE TÍTULO | |
| Título | Documento firmado por Miguel Barragán |
| Mención de responsabilidad, etc. | Miguel Barragán, Carlos María Bustamante. |
| 260 ## - PUBLICACIÓN, DISTRIBUCIÓN, ETC. | |
| Lugar de publicación, distribución, etc. | San Luis Potosí, México |
| Fecha de publicación, distribución, etc. | 1826 |
| 300 ## - DESCRIPCIÓN FÍSICA | |
| Extensión | [4] fojas |
| Dimensiones | 21 x 16 cm |
| 500 ## - NOTA GENERAL | |
| Nota general | Carta firmada el 12 de abril de 1826 |
| 500 ## - NOTA GENERAL | |
| Nota general | Carta autógrafa de Don Miguel Barragán dirigida al Lic. Don Carlos María de Bustamante desde San Luis Potosí el 12 de abril de 1826. Contiene una refutación que Barragán hace a un escrito de Bustamante, le pide que aclare la verdad de tales hechos y que se apresure a publicar ´La Chimalpain´ que muchas personas desean conocer |
| 500 ## - NOTA GENERAL | |
| Nota general | El documento tiene la leyenda DOC. #48 |
| 500 ## - NOTA GENERAL | |
| Nota general | Papel con marca de agua |
| 500 ## - NOTA GENERAL | |
| Nota general | Estado de conservación: Contiene anotaciones con tinta roja |
| 506 0# - NOTA DE RESTRICCIONES AL ACCESO | |
| Limitaciones de acceso | Fondo reservado: para su consulta es necesario credencial de usuario y carta de motivos |
| 546 ## - NOTA DE LENGUA/LENGUAJE | |
| Nota de lengua/lenguaje | Texto en: español de principios del siglo XIX |
| 600 14 - PUNTO DE ACCESO ADICIONAL DE MATERIA--NOMBRE DE PERSONA | |
| Nombre de persona | Barragán, Miguel |
| Fechas asociadas al nombre | 1789-1853 |
| 9 (RLIN) | 12558 |
| 651 #4 - PUNTO DE ACCESO ADICIONAL DE MATERIA--NOMBRE GEOGRÁFICO | |
| Nombre geográfico | Mèxico |
| Subdivisión de forma | Manuscrito |
| Subdivisión general | Historia |
| Subdivisión cronológica | Federalismo y centralismo, 1824-1853 |
| 9 (RLIN) | 12559 |
| 700 1# - PUNTO DE ACCESO ADICIONAL--NOMBRE DE PERSONA | |
| Nombre de persona | Bustamante, Carlos María |
| Fechas asociadas al nombre | 1774-1848 |
| 9 (RLIN) | 12560 |
| 902 ## - CATALOGADOR | |
| Iniciales | FDH |
| 942 ## - ELEMENTOS DE PUNTO DE ACCESO ADICIONAL (KOHA) | |
| Fuente del sistema de clasificación o colocación | Library of Congress Classification |
| Tipo de ítem Koha | Documentos |
| Estado de retiro | Estado de pérdida | Estado dañado | No para préstamo | Localización permanente | Ubicación/localización actual | Fecha de adquisición | Total de préstamos | Signatura topográfica completa | Código de barras | Fecha visto por última vez | Precio válido a partir de | Tipo de ítem Koha |
|---|---|---|---|---|---|---|---|---|---|---|---|---|
| El ejemplar forma parte de la colección y puede ser consultado según las políticas vigentes. | Biblioteca del Museo Franz Mayer (Rogerio Casas-Alatriste) | Biblioteca del Museo Franz Mayer (Rogerio Casas-Alatriste) | 21/10/2010 | DOC39 .B37 1826 | 5005 | 22/03/2019 | 22/03/2019 | Documentos |